| 000 | 00595cam a22001935a 4500 | ||
|---|---|---|---|
| 001 | L156226 | ||
| 008 | 120509s1494 it f 000 0 eng d | ||
| 035 | _a(Sirsi) u156226 | ||
| 041 | 0 | _aita | |
| 100 | 1 |
_aPaccioli, Luca _dd. ca. 1514 |
|
| 245 | 0 | 0 | _aSu[m]ma de arithmetica, geometria, proportioni, & proportionalita |
| 260 | _a[Venetiis : Paganino de Paganini, 1494] | ||
| 300 |
_a[18] p., 224, 76 leaves _cfol. |
||
| 520 | _aCaption title. | ||
| 583 |
_aCondition reviewed _c20120620 _lcondition level 2 |
||
| 651 | 4 |
_aItalia = Italy _y1992- |
|
| 690 |
_aMeasurement _96256 |
||
| 942 | _n0 | ||
| 999 |
_c114111 _d114111 |
||